LEADER 01265nam a2200277 i 4500 001 000000190955 003 CaOOAMICUS 005 20151014000000.0 008 151014s1976 it u000 u fre u 013 $a169429 040 $aSeMil$bita 100 1 $aChauchard, Paul <1912-2003>.$0(OLS)http://semarc/name/90341 240 13$aLe cerveau humain.$0(OLS)http://semarc/title/275157 245 13$aIl cervello umano :$briflesso. Integrazione. Libertà /$cPaul Chauchard ; Traduzione, presentazione e saggio introduttivo di Nicola Paparella. 260 $aRoma :$bCittà Nuova,$ccopyr. 1976. 300 $a167 p. :$bill. ;$c21 cm. 500 $aContiene : Nota bibliografica. 650 4$aNeurologia.$0(OLS)http://semarc/subject/1544 650 4$aMente e cervello.$0(OLS)http://semarc/subject/443 650 4$aPsicologia e medicina.$0(OLS)http://semarc/subject/27320 700 1 $aPaparella, Nicola.$0(OLS)http://semarc/name/5759 850 $aSeMil 852 $aSeMil$W1$xVenegono$y1$m3X V 51$j141569$B141569$CSeMilBibl$Z2$F153129 $81 961 $aOmaggio: Martinelli don Romano 996 $6245$aIl cervello umano :$briflesso. Integrazione. Libertà$9(OLS)http://semarc/title/275156 996 $6260$aRoma :$bCittà Nuova$9(OLS)http://semarc/publisher/29609 LEADER 00855nam a2200193 i 4500 001 000000224635 003 CaOOAMICUS 005 20131107000000.0 008 131107s1954 xx u000 u eng u 013 $a203533 040 $aSeMil$bita 100 1 $aPritchard, James B.$0(OLS)http://semarc/name/75285 245 14$aThe ancient near east in pictures :$brelating to the Old Testament /$cby James B. Pritchard. 260 $aPrinceton (New Jersey) :$bPrinceton University Press,$c1954. 300 $aXVI, 351 p. :$bill. ;$c29 cm. 850 $aSeMil 852 $aSeMil$W1$xVenegono$y1$m2V VI 39$j270333$B174981$CSeMilBibl$Z2$F184967 $81 996 $6245$aThe ancient near east in pictures :$brelating to the Old Testament$9(OLS)http://semarc/title/321920 996 $6260$aPrinceton (New Jersey) :$bPrinceton University Press$9(OLS)http://semarc/publisher/34578